00873nam a2200241Ia 4500001000600000003000900006008004100015040001300056040001300069041001200082100001700094100002900111245004400140245005000184250001100234260001700245260002200262260004900284300005900333500018000392650002800572650003100600A6675IT-RoPAU130308s9999 xx 000 0 und d aIT-RoPAU cIT-RoPAU aINGLESE aDowning John gCodice Aut. SPICS: 29601 aSoviet Media Before and After Glasnost' bQuestioning The Media-A Critical Introduction a1a ed. aNEWBURY PARK bSage Publications c1990 [1° Ed.:1990 - Ed.Ling.Originale:1990] a"13 p. (prefazione: no ; testo: 13 [pagine: 139-151])" aMedia sovietici Prima e Dopo la Glasnost'. breve Storia. Samizdat': Media Underground Sovietici. Struttura dei Media sovietici fino Alla Glasnost'. Esperienza della Glasnost'. aTEORICHE DEI MASS MEDIA eCodice materia Spics: 6105